000 00442nam a2200169Ia 4500
008 180921t2016 xxu||||| |||| 00| 1 sin d
041 _asin
080 _aX8C31
_bBAN
100 _aBandara, Nikini Nethranjali
245 _aරන් කුලවමිය
246 _aRan Kulavamiya
260 _bAshirvada Prakashana
_aMirigama
_c2016
300 _a260p., 21cm
942 _cBK
999 _c8345
_d8345
003 LK-CoDNM
040 _aLK-CoDNM
_dLK-CoDNM
_eLK-CoDNM